[Event "Ile et Vilaine op 11th"]
[Site "Rennes"]
[Date "2018.07.13"]
[Round "9"]
[White "Pigois, Mathieu"]
[Black "Leuly, Max"]
[Result "1/2-1/2"]
[WhiteElo "1886"]
[BlackElo "2062"]
[PlyCount "43"]
[EventDate "2018.07.07"]
[EventType "swiss"]
[EventRounds "9"]
[EventCountry "FRA"]
[SourceTitle "EXT 2019"]
[Source "ChessBase"]
[SourceDate "2018.10.10"]
[SourceVersion "1"]
[SourceVersionDate "2018.10.10"]
[SourceQuality "1"]

1. d4 Nf6 2. c4 g6 3. Nc3 Bg7 4. Nf3 0-0 5. e3 c5 6. Bd3 d5 7. h3 cxd4 8. Nxd4 e5 9. Nc2 Be6 10. Nxd5 Nxd5 11. cxd5 Bxd5 12. e4 Be6 13. Qe2 Nc6 14. 0-0 Rc8 15. Bd2 Qe7 16. Bc3 Rfd8 17. Rfd1 Rc7 18. Qe3 Nd4 19. Rd2 Qf8 20. Rdd1 Qe8 21. Rd2 Qf8 22. Rdd1 1/2-1/2

[Event "Paris-ch op-A 89th"]
[Site "Paris"]
[Date "2014.07.12"]
[Round "8"]
[White "Leuly, Max"]
[Black "Eden, James"]
[Result "1/2-1/2"]
[WhiteElo "2073"]
[BlackElo "2207"]
[PlyCount "98"]
[EventDate "2014.07.05"]
[EventType "swiss"]
[EventRounds "9"]
[EventCountry "FRA"]
[SourceTitle "EXT 2016"]
[Source "ChessBase"]
[SourceDate "2015.10.08"]
[SourceVersion "1"]
[SourceVersionDate "2015.10.08"]
[SourceQuality "1"]

1. d4 d5 2. Nf3 Nf6 3. c4 c6 4. Nc3 dxc4 5. e3 b5 6. a4 e6 7. axb5 c5 8. Bxc4 Nbd7 9. 0-0 Nb6 10. Be2 Bb7 11. dxc5 Qxd1 12. Rxd1 Bxc5 13. Bd2 0-0 14. Nd4 Bxd4 15. exd4 Rfd8 16. Be3 Nfd5 17. Rdc1 f5 18. Nxd5 Nxd5 19. Bf3 h6 20. h4 Rd7 21. Ra5 Nb4 22. Bc6 Bxc6 23. bxc6 Rc7 24. Rb5 a5 25. Ra1 Nd5 26. Rbxa5 Rxa5 27. Rxa5 Rxc6 28. Rc5 Rb6 29. Rc2 Rb4 30. g3 Rb3 31. Bd2 Kf7 32. Kf1 Kf6 33. Bc3 f4 34. Ke2 Kf5 35. Rc1 Kg4 36. gxf4 Nxf4+ 37. Ke3 Nd5+ 38. Ke4 Kxh4 39. Ke5 Kh3 40. Rg1 g5 41. Rh1+ Kg2 42. Rxh6 Nf4 43. Ke4 Kxf2 44. Bd2 Rh3 45. Rxh3 Nxh3 46. Bxg5 Nxg5+ 47. Ke5 Ke3 48. b4 Nf3+ 49. Kxe6 Nxd4+ 1/2-1/2

[Event "FRA-ch op-A"]
[Site "Nancy"]
[Date "2013.08.19"]
[Round "7"]
[White "Meunier, Clement"]
[Black "Leuly, Max"]
[Result "1-0"]
[WhiteElo "2025"]
[BlackElo "2096"]
[PlyCount "73"]
[EventDate "2013.08.11"]
[EventType "swiss"]
[EventRounds "11"]
[EventCountry "FRA"]
[SourceTitle "CBM 156 Extra"]
[Source "ChessBase"]
[SourceDate "2013.10.22"]
[SourceVersion "1"]
[SourceVersionDate "2013.10.22"]
[SourceQuality "1"]

1. d4 d5 2. c4 e6 3. Nc3 c5 4. cxd5 exd5 5. Nf3 Nc6 6. g3 Nf6 7. Bg2 Be7 8. 0-0 0-0 9. dxc5 Bxc5 10. Na4 Be7 11. Be3 Be6 12. Rc1 Ng4 13. Bc5 Rc8 14. Nd4 Nxd4 15. Bxd4 Nf6 16. Qb3 Qa5 17. Nc5 Qd2 18. Rfd1 Qh6 19. e3 b6 20. Na6 Rfd8 21. Nc7 Rb8 22. Bxf6 Qxf6 23. Bxd5 Bg4 24. Rd4 Bh5 25. Rf4 Qe5 26. Bxf7+ Bxf7 27. Qxf7+ Kh8 28. Ne6 Qxb2 29. Rc2 Qb1+ 30. Kg2 Rg8 31. Rcc4 Rbe8 32. Nxg7 Rgf8 33. Qe6 Kxg7 34. Rxf8 Kxf8 35. Rf4+ Kg7 36. Rf7+ Kh8 37. Qe5+ 1-0

[Event "Paris-ch op-B 87th"]
[Site "Paris"]
[Date "2012.07.10"]
[Round "4"]
[White "Marchand, Andre"]
[Black "Leuly, Max"]
[Result "0-1"]
[WhiteElo "1944"]
[BlackElo "2100"]
[PlyCount "82"]
[EventDate "2012.07.07"]
[EventType "swiss"]
[EventRounds "9"]
[EventCountry "FRA"]
[SourceTitle "EXT 2013"]
[Source "ChessBase"]
[SourceDate "2012.11.22"]
[SourceVersion "1"]
[SourceVersionDate "2012.11.22"]
[SourceQuality "1"]

1. d4 d5 2. c4 e6 3. Nc3 c5 4. cxd5 exd5 5. Nf3 Nc6 6. g3 Nf6 7. Bg2 Be7 8. 0-0 0-0 9. Bg5 Be6 10. Rc1 c4 11. Ne5 Rc8 12. b3 cxb3 13. axb3 Ba3 14. Nxc6 bxc6 15. Rc2 Be7 16. Na4 Bf5 17. Rc1 Re8 18. Bxf6 Bxf6 19. Nc5 Qb6 20. e3 Be7 21. g4 Be6 22. f4 Bxc5 23. dxc5 Qc7 24. Ra1 Bd7 25. Qf3 Rb8 26. Ra3 Bc8 27. Rb1 Rb4 28. Rc1 Qe7 29. Rc3 Rb5 30. b4 Rxb4 31. Ra1 h6 32. Rac1 Ba6 33. Bf1 Bxf1 34. Kxf1 Rb2 35. h3 Reb8 36. R1c2 Rxc2 37. Rxc2 Rb1+ 38. Kg2 Rb5 39. f5 Rxc5 40. Rb2 Qe5 41. Ra2 Rc3 0-1

[Event "Paris-ch op-B 87th"]
[Site "Paris"]
[Date "2012.07.09"]
[Round "3"]
[White "Leuly, Max"]
[Black "Gailliegue, Florian"]
[Result "0-1"]
[WhiteElo "2100"]
[BlackElo "1984"]
[PlyCount "74"]
[EventDate "2012.07.07"]
[EventType "swiss"]
[EventRounds "9"]
[EventCountry "FRA"]
[SourceTitle "EXT 2013"]
[Source "ChessBase"]
[SourceDate "2012.11.22"]
[SourceVersion "1"]
[SourceVersionDate "2012.11.22"]
[SourceQuality "1"]

1. d4 d6 2. Nf3 Bg4 3. g3 Bxf3 4. exf3 e6 5. Bg2 d5 6. 0-0 Nd7 7. f4 Ne7 8. Nd2 g6 9. Nf3 Bg7 10. c3 0-0 11. Re1 c5 12. dxc5 Nxc5 13. Be3 Ne4 14. Bd4 Nf6 15. Qb3 b6 16. Bf1 Nc6 17. Rad1 Qc8 18. Qa4 Nxd4 19. Nxd4 a6 20. c4 dxc4 21. Qxc4 Qxc4 22. Bxc4 b5 23. Bf1 Rac8 24. a4 bxa4 25. Bxa6 Rb8 26. Rd2 Nd5 27. Bc4 Ne7 28. Red1 Rb4 29. Bf1 Rfb8 30. Bg2 Rxb2 31. Rxb2 Rxb2 32. Nc6 Nxc6 33. Bxc6 a3 34. Rd8+ Bf8 35. Ra8 a2 36. Kg2 Kg7 37. Be4 Bc5 0-1

[Event "Paris-ch op-B 87th"]
[Site "Paris"]
[Date "2012.07.08"]
[Round "2"]
[White "Swerdlin, Ryan"]
[Black "Leuly, Max"]
[Result "1/2-1/2"]
[WhiteElo "1943"]
[BlackElo "2100"]
[PlyCount "45"]
[EventDate "2012.07.07"]
[EventType "swiss"]
[EventRounds "9"]
[EventCountry "FRA"]
[SourceTitle "EXT 2013"]
[Source "ChessBase"]
[SourceDate "2012.11.22"]
[SourceVersion "1"]
[SourceVersionDate "2012.11.22"]
[SourceQuality "1"]

1. d4 d5 2. c4 e6 3. Nf3 c5 4. cxd5 exd5 5. Nc3 Nc6 6. g3 Nf6 7. Bg2 Be7 8. Bg5 Be6 9. 0-0 0-0 10. Rc1 c4 11. e3 h6 12. Bxf6 Bxf6 13. b3 cxb3 14. axb3 Rc8 15. Ne1 Be7 16. Nd3 Nb4 17. Nf4 Qd7 18. Qd2 Rfd8 19. Rfd1 Bg4 20. Re1 Be6 21. Red1 Bg4 22. Re1 Be6 23. Red1 1/2-1/2

[Event "FRA-ch op-A"]
[Site "Belfort"]
[Date "2010.08.21"]
[Round "11"]
[White "Cristofari, Antoine"]
[Black "Leuly, Max"]
[Result "1-0"]
[WhiteElo "2123"]
[BlackElo "2107"]
[PlyCount "133"]
[EventDate "2010.08.09"]
[EventType "swiss"]
[EventRounds "11"]
[EventCountry "FRA"]
[SourceTitle "CBM 138 Extra"]
[Source "ChessBase"]
[SourceDate "2010.10.29"]
[SourceVersion "1"]
[SourceVersionDate "2010.10.29"]
[SourceQuality "1"]

1. e4 c5 2. Nf3 d6 3. c3 Nf6 4. h3 Nc6 5. Bd3 g6 6. Bc2 Bg7 7. d4 cxd4 8. cxd4 Nb4 9. Ba4+ Bd7 10. Nc3 0-0 11. 0-0 d5 12. e5 Ne4 13. Bxd7 Qxd7 14. Re1 Nxc3 15. bxc3 Nc6 16. Ng5 e6 17. Qg4 h6 18. Nf3 Rac8 19. a4 Ne7 20. Bd2 Rc4 21. a5 Rfc8 22. Qf4 Ra4 23. Nh2 Rxa1 24. Rxa1 Kh7 25. Ng4 Ng8 26. g3 h5 27. Ne3 Bh6 28. Qf3 Kg7 29. Kg2 f5 30. Nf1 Bxd2 31. Nxd2 Rc7 32. Qe3 Qc8 33. Rc1 Qd8 34. Nb3 b6 35. axb6 axb6 36. h4 Nh6 37. Nd2 Rf7 38. Qf4 Ra7 39. Rc2 Nf7 40. Nf3 Rc7 41. Qc1 b5 42. Rb2 Rb7 43. Qb1 Qd7 44. Ra2 Rc7 45. Ra3 Qc6 46. Qb4 Qc4 47. Ra5 Qxc3 48. Qxb5 Qc6 49. Qb4 Rb7 50. Qa3 Qc7 51. Ra8 Rb8 52. Ra7 Rb7 53. Ra6 Qe7 54. Qc3 Qd7 55. Rc6 Qe7 56. Qa5 Qd7 57. Qa6 Ra7 58. Qb6 Rb7 59. Qc5 Qe7 60. Qc1 Qd7 61. Rc8 Qe7 62. Ng1 g5 63. Nf3 g4 64. Ng1 Qb4 65. Ne2 Qb2 66. Nf4 Qxc1 67. Nxe6+ 1-0

[Event "FRA-ch op-A"]
[Site "Belfort"]
[Date "2010.08.17"]
[Round "7"]
[White "Leuly, Max"]
[Black "Leroy, Olivier"]
[Result "1/2-1/2"]
[WhiteElo "2107"]
[BlackElo "2085"]
[PlyCount "55"]
[EventDate "2010.08.09"]
[EventType "swiss"]
[EventRounds "11"]
[EventCountry "FRA"]
[SourceTitle "CBM 138 Extra"]
[Source "ChessBase"]
[SourceDate "2010.10.29"]
[SourceVersion "1"]
[SourceVersionDate "2010.10.29"]
[SourceQuality "1"]

1. d4 Nf6 2. Nf3 g6 3. c4 Bg7 4. Nc3 d6 5. e4 0-0 6. Be2 e5 7. 0-0 Nc6 8. d5 Ne7 9. Ne1 Nd7 10. Nd3 f5 11. Bd2 Nf6 12. f3 f4 13. c5 g5 14. cxd6 cxd6 15. Nf2 h5 16. h3 Rf7 17. Qc2 Ng6 18. Rfc1 Bf8 19. Nb5 Ne8 20. a4 Bd7 21. Ra3 Qb8 22. a5 Rg7 23. Rb3 a6 24. Nc7 Ra7 25. Ne6 Re7 26. Rc3 Kh8 27. Kf1 Ra8 28. Nc7 1/2-1/2

[Event "Paris-ch op-A"]
[Site "Paris"]
[Date "2010.07.10"]
[Round "8"]
[White "Leuly, Max"]
[Black "Durand, Victor"]
[Result "1/2-1/2"]
[WhiteElo "2107"]
[BlackElo "1950"]
[PlyCount "125"]
[EventDate "2010.07.03"]
[EventType "swiss"]
[EventRounds "9"]
[EventCountry "FRA"]
[SourceTitle "CBM 137 Extra"]
[Source "ChessBase"]
[SourceDate "2010.09.01"]
[SourceVersion "1"]
[SourceVersionDate "2010.09.01"]
[SourceQuality "1"]

1. d4 d5 2. Nf3 Nf6 3. c4 c6 4. Nc3 e6 5. Bg5 Nbd7 6. e3 Be7 7. Rc1 0-0 8. Bd3 Re8 9. 0-0 Nf8 10. Qc2 Ng6 11. Rfd1 Bd6 12. e4 Bf4 13. Bxf4 Nxf4 14. e5 Nxd3 15. Qxd3 dxc4 16. Qxc4 Nd5 17. Ne4 Qe7 18. Qd3 h6 19. a3 Rd8 20. g3 Bd7 21. Nfd2 Rac8 22. Nc4 b6 23. Ncd6 Rc7 24. Nc3 c5 25. dxc5 Rxc5 26. Nce4 Rc6 27. Nc3 Rc5 28. Nce4 Rc6 29. b4 Be8 30. b5 Rc7 31. Qd2 Rdd7 32. Rxc7 Rxc7 33. Rc1 Qd8 34. Rxc7 Nxc7 35. a4 Nd5 36. Qc1 Bd7 37. Qc4 Kf8 38. Kf1 Qc7 39. Qxc7 Nxc7 40. Ke1 a6 41. a5 axb5 42. axb6 Na6 43. Nb7 Bc6 44. Nbc5 Nb8 45. Nd6 Ke7 46. Kd2 b4 47. f4 Bd5 48. Nb5 Ke8 49. Nd6+ Ke7 50. Kd3 f6 51. Nc4 fxe5 52. fxe5 Kd8 53. Na5 Nd7 54. Na6 Nxb6 55. Nxb4 Kd7 56. Nxd5 Nxd5 57. Nb3 Ke7 58. Ke4 Nc3+ 59. Kf3 Kf7 60. Nd4 Nd5 61. Ke4 Nc3+ 62. Kd3 Nd5 63. Ke4 1/2-1/2

[Event "Paris-ch op-A"]
[Site "Paris"]
[Date "2010.07.07"]
[Round "5"]
[White "Elishev, Ivan"]
[Black "Leuly, Max"]
[Result "1-0"]
[WhiteElo "2214"]
[BlackElo "2107"]
[PlyCount "49"]
[EventDate "2010.07.03"]
[EventType "swiss"]
[EventRounds "9"]
[EventCountry "FRA"]
[SourceTitle "CBM 137 Extra"]
[Source "ChessBase"]
[SourceDate "2010.09.01"]
[SourceVersion "1"]
[SourceVersionDate "2010.09.01"]
[SourceQuality "1"]

1. e4 c5 2. Nf3 d6 3. d4 cxd4 4. Nxd4 Nf6 5. Nc3 g6 6. Be3 Bg7 7. f3 0-0 8. Bc4 Nc6 9. Qd2 Bd7 10. 0-0-0 Ne5 11. Bb3 Rc8 12. h4 Nc4 13. Bxc4 Rxc4 14. h5 Nxh5 15. g4 Nf6 16. Kb1 Re8 17. Nd5 e6 18. Nxf6+ Qxf6 19. Qh2 d5 20. e5 Qxe5 21. Bf4 Qf6 22. Qxh7+ Kf8 23. Bd6+ Re7 24. g5 Qxg5 25. f4 1-0

[Event "Paris Apsap op 102nd"]
[Site "Paris"]
[Date "2008.08.10"]
[Round "9"]
[White "Abergel, Thal"]
[Black "Leuly, Max"]
[Result "1-0"]
[WhiteElo "2499"]
[BlackElo "2160"]
[PlyCount "83"]
[EventDate "2008.07.26"]
[EventType "swiss"]
[EventRounds "9"]
[EventCountry "FRA"]
[SourceTitle "EXT 2010"]
[Source "ChessBase"]
[SourceDate "2010.11.25"]
[SourceVersion "1"]
[SourceVersionDate "2010.11.25"]
[SourceQuality "1"]

1. e4 c5 2. Nf3 d6 3. Bc4 e6 4. d4 cxd4 5. Nxd4 Nf6 6. Nc3 Be7 7. Be3 a6 8. Bb3 0-0 9. g4 Nc6 10. g5 Nd7 11. Rg1 Nxd4 12. Bxd4 Nc5 13. Qh5 Nxb3 14. axb3 e5 15. Be3 Be6 16. Nd5 Bxd5 17. exd5 Qc8 18. 0-0-0 Qf5 19. Qg4 Qxg4 20. Rxg4 Rac8 21. c4 f5 22. gxf6 Rxf6 23. Kd2 Rf5 24. Rdg1 g6 25. Ke2 Rh5 26. R1g2 Kg7 27. Kd3 Rh4 28. Rxh4 Bxh4 29. b4 Be7 30. f3 Kf6 31. Rc2 Kf5 32. c5 Bd8 33. Rc3 g5 34. cxd6 Rxc3+ 35. bxc3 b5 36. Ba7 Kf4 37. Ke2 e4 38. fxe4 Kxe4 39. Bb8 Kxd5 40. Bc7 g4 41. Bxd8 Kxd6 42. Ke3 1-0

[Event "Paris-ch"]
[Site "Paris"]
[Date "2006.07.12"]
[Round "7"]
[White "Monange, Serge"]
[Black "Leuly, Max"]
[Result "1/2-1/2"]
[WhiteElo "2048"]
[BlackElo "2157"]
[PlyCount "44"]
[EventDate "2006.07.08"]
[EventType "swiss"]
[EventRounds "9"]
[EventCountry "FRA"]
[SourceTitle "EXT 2007"]
[Source "ChessBase"]
[SourceDate "2006.11.23"]
[SourceVersion "1"]
[SourceVersionDate "2006.11.23"]
[SourceQuality "1"]

1. d4 Nf6 2. Nc3 d5 3. Bg5 e6 4. e4 dxe4 5. Nxe4 Nbd7 6. Qf3 Be7 7. 0-0-0 Nxe4 8. Bxe7 Qxe7 9. Qxe4 Nf6 10. Qf3 0-0 11. g4 c6 12. c4 e5 13. g5 Ng4 14. h4 exd4 15. Bd3 Ne5 16. Qe4 Nxd3+ 17. Qxd3 c5 18. Nf3 Bg4 19. Rde1 Qd6 20. Ne5 Be6 21. f4 f6 22. gxf6 Rxf6 1/2-1/2

[Event "Malakoff op 5th"]
[Site "Malakoff"]
[Date "2006.04.15"]
[Round "9"]
[White "Larrouy, Norbert"]
[Black "Leuly, Max"]
[Result "0-1"]
[WhiteElo "1957"]
[BlackElo "2146"]
[PlyCount "50"]
[EventDate "2006.04.08"]
[EventType "swiss"]
[EventRounds "9"]
[EventCountry "FRA"]
[SourceTitle "CBM 111 Extra"]
[Source "ChessBase"]
[SourceDate "2006.05.09"]
[SourceVersion "1"]
[SourceVersionDate "2006.05.09"]
[SourceQuality "1"]

1. e4 c5 2. Nf3 d6 3. Bb5+ Bd7 4. Bxd7+ Qxd7 5. 0-0 Nc6 6. c3 Nf6 7. d4 Nxe4 8. d5 Nb8 9. Re1 Nf6 10. c4 Na6 11. Nc3 Nc7 12. a3 g6 13. Qe2 Bg7 14. Bd2 e6 15. dxe6 Nxe6 16. Ng5 0-0 17. Nxe6 Rfe8 18. Qf3 Rxe6 19. Rxe6 fxe6 20. Rd1 Qc6 21. Qe2 d5 22. Bf4 d4 23. Nb5 Ne8 24. Nd6 Nxd6 25. Qxe6+ Nf7 0-1

[Event "Malakoff op 5th"]
[Site "Malakoff"]
[Date "2006.04.14"]
[Round "8"]
[White "Leuly, Max"]
[Black "Belkhodja, Slim"]
[Result "0-1"]
[WhiteElo "2146"]
[BlackElo "2499"]
[PlyCount "62"]
[EventDate "2006.04.08"]
[EventType "swiss"]
[EventRounds "9"]
[EventCountry "FRA"]
[SourceTitle "CBM 111 Extra"]
[Source "ChessBase"]
[SourceDate "2006.05.09"]
[SourceVersion "1"]
[SourceVersionDate "2006.05.09"]
[SourceQuality "1"]

1. Nf3 Nf6 2. c4 g6 3. Nc3 Bg7 4. e4 d6 5. d4 0-0 6. Be2 Nbd7 7. 0-0 e5 8. Re1 c6 9. Rb1 exd4 10. Nxd4 Re8 11. Bf1 Ng4 12. Qxg4 Bxd4 13. Qd1 Qf6 14. Be3 Bxe3 15. Rxe3 Ne5 16. Qd2 Be6 17. b3 a6 18. Rd1 b5 19. Qxd6 bxc4 20. bxc4 Rad8 21. Qc5 Rxd1 22. Nxd1 Rd8 23. Re1 Rd2 24. a4 Bg4 25. Nc3 Rc2 26. Nd1 Rc1 27. f3 Bxf3 28. gxf3 Nxf3+ 29. Kf2 Nxe1+ 30. Kxe1 Qc3+ 31. Kf2 Rxd1 0-1

[Event "Paris Apsap op 74th"]
[Site "Paris"]
[Date "2004.08.12"]
[Round "5"]
[White "Vlahovic, Dimitri"]
[Black "Leuly, Max"]
[Result "1/2-1/2"]
[WhiteElo "1887"]
[BlackElo "2138"]
[PlyCount "60"]
[EventDate "2004.08.??"]
[EventType "swiss"]
[EventRounds "9"]
[EventCountry "FRA"]
[SourceTitle "EXT 2005"]
[Source "ChessBase"]
[SourceDate "2004.11.15"]
[SourceVersion "1"]
[SourceVersionDate "2004.11.15"]
[SourceQuality "1"]

1. e4 c5 2. c3 d5 3. exd5 Qxd5 4. d4 e6 5. Nf3 Nf6 6. Be2 Nc6 7. 0-0 Be7 8. c4 Qd8 9. dxc5 Qxd1 10. Rxd1 Bxc5 11. a3 0-0 12. b4 Be7 13. Nc3 b6 14. Bf4 Bb7 15. Bd6 Rfd8 16. Nb5 Kf8 17. Bc7 Rxd1+ 18. Rxd1 Ne8 19. Bf4 f6 20. Be3 Rd8 21. Kf1 Rxd1+ 22. Bxd1 Nd6 23. Nxd6 Bxd6 24. Nd4 Nxd4 25. Bxd4 Bc6 26. Bc2 h6 27. h3 Ke7 28. f3 e5 29. Bb2 Bd7 30. Ke2 Be6 1/2-1/2

[Event "Paris Apsap op 73rd"]
[Site "Paris"]
[Date "2004.08.02"]
[Round "3"]
[White "De Lagontrie, Jean"]
[Black "Leuly, Max"]
[Result "1/2-1/2"]
[WhiteElo "1968"]
[BlackElo "2138"]
[PlyCount "102"]
[EventDate "2004.08.??"]
[EventType "swiss"]
[EventRounds "9"]
[EventCountry "FRA"]
[SourceTitle "EXT 2006"]
[Source "ChessBase"]
[SourceDate "2005.11.24"]
[SourceVersion "1"]
[SourceVersionDate "2005.11.24"]
[SourceQuality "1"]

1. d4 c5 2. d5 e5 3. e4 d6 4. Nf3 Be7 5. h3 Nf6 6. Nc3 a6 7. a4 Nbd7 8. Be2 0-0 9. 0-0 Rb8 10. Be3 Ne8 11. g4 g6 12. Bh6 Ng7 13. Bd3 Kh8 14. Kg2 Nf6 15. Qd2 Ng8 16. Bxg7+ Kxg7 17. Rh1 Nf6 18. Rag1 Bd7 19. b3 Kh8 20. Ne2 Ne8 21. Ng3 b5 22. axb5 axb5 23. g5 f5 24. gxf6 Nxf6 25. Qe3 Ra8 26. Ra1 Qc8 27. Rxa8 Qxa8 28. Qc1 Qb7 29. Qb2 Kg7 30. Rf1 Qc8 31. Ng1 Kg8 32. c4 b4 33. Qa1 h5 34. f4 exf4 35. Rxf4 Nh7 36. Qf1 Rxf4 37. Qxf4 Qf8 38. N1e2 Bg5 39. Qxf8+ Nxf8 40. e5 dxe5 41. Ne4 Be3 42. Kf3 Bd4 43. Nf6+ Kf7 44. Nxd7 Nxd7 45. Ng3 Nf6 46. Ne4 Nxe4 47. Bxe4 Bc3 48. Bd3 Be1 49. Be4 Kf6 50. Bd3 g5 51. Be2 Bc3 1/2-1/2

[Event "Paris Apsap op 73rd"]
[Site "Paris"]
[Date "2004.08.01"]
[Round "2"]
[White "Leuly, Max"]
[Black "Pira, Davoud"]
[Result "0-1"]
[WhiteElo "2138"]
[BlackElo "2388"]
[PlyCount "126"]
[EventDate "2004.08.??"]
[EventType "swiss"]
[EventRounds "9"]
[EventCountry "FRA"]
[SourceTitle "EXT 2006"]
[Source "ChessBase"]
[SourceDate "2005.11.24"]
[SourceVersion "1"]
[SourceVersionDate "2005.11.24"]
[SourceQuality "1"]

1. Nf3 c5 2. c4 Nc6 3. d4 cxd4 4. Nxd4 Qb6 5. e3 Nf6 6. Nc3 e6 7. Be2 a6 8. 0-0 Be7 9. a3 0-0 10. b4 d5 11. cxd5 exd5 12. Na4 Qc7 13. Nxc6 bxc6 14. Bb2 a5 15. Qd4 axb4 16. axb4 Bd6 17. h3 Rb8 18. Nc5 Re8 19. Rfc1 Bh2+ 20. Kh1 Be5 21. Qd2 Qe7 22. Bd4 Bd6 23. Kg1 Bc7 24. Bf1 Qd6 25. g3 h5 26. Na6 Ne4 27. Qe2 h4 28. Nxc7 Qxc7 29. Ra7 Rb7 30. Rxb7 Qxb7 31. g4 Bd7 32. Bc5 Re6 33. Qa6 Qc7 34. Qb6 Qe5 35. Bd4 Qg5 36. Qb8+ Re8 37. Qf4 Qxf4 38. exf4 Nd2 39. Be3 Ne4 40. Bd4 Rb8 41. Bc5 Nxc5 42. bxc5 f5 43. g5 Rb4 44. Ra1 Kf7 45. Ra7 Ke7 46. Kg2 Rxf4 47. Bb5 Kd8 48. Ra8+ Kc7 49. Ra7+ Kc8 50. Ba6+ Kd8 51. Ra8+ Ke7 52. Bc8 Be8 53. Ra7+ Kd8 54. Ra8 Kc7 55. Bxf5 Rxf5 56. Rxe8 Kd7 57. Rh8 Rxg5+ 58. Kf1 Ke6 59. Rc8 Kd7 60. Rh8 Rg6 61. Rxh4 Ke6 62. Ke2 Rg1 63. Kd2 Ke5 0-1

[Event "Paris Apsap op 70th"]
[Site "Paris"]
[Date "2004.02.21"]
[Round "1"]
[White "Leuly, Max"]
[Black "Pernet, Roger"]
[Result "1-0"]
[WhiteElo "2132"]
[BlackElo "1965"]
[PlyCount "51"]
[EventDate "2004.02.25"]
[EventType "swiss"]
[EventRounds "7"]
[EventCountry "FRA"]
[SourceTitle "EXT 2005"]
[Source "ChessBase"]
[SourceDate "2004.11.15"]
[SourceVersion "1"]
[SourceVersionDate "2004.11.15"]
[SourceQuality "1"]

1. Nf3 f5 2. d4 Nf6 3. g3 e6 4. Bg2 Be7 5. 0-0 0-0 6. c4 d6 7. Nc3 Qe8 8. Qd3 Nbd7 9. Re1 Qh5 10. e4 fxe4 11. Nxe4 Nxe4 12. Qxe4 Nf6 13. Qd3 Bd7 14. h3 Rae8 15. Ng5 Bd8 16. g4 Nxg4 17. hxg4 Qh4 18. Ne4 d5 19. Ng3 Qxg4 20. Be3 Bh4 21. Qe2 Qg6 22. Qh5 Qf6 23. cxd5 e5 24. Ne4 Qe7 25. Ng5 g6 26. Qxh4 1-0

[Event "Paris op-A"]
[Site "Paris"]
[Date "2003.??.??"]
[Round "4"]
[White "Fischer, Bernard"]
[Black "Leuly, Max"]
[Result "0-1"]
[WhiteElo "1950"]
[BlackElo "2156"]
[PlyCount "86"]
[EventDate "2003.07.05"]
[EventType "swiss"]
[EventRounds "9"]
[EventCountry "FRA"]
[SourceTitle "EXT 2005"]
[Source "ChessBase"]
[SourceDate "2004.11.15"]
[SourceVersion "1"]
[SourceVersionDate "2004.11.15"]
[SourceQuality "1"]

1. e4 c5 2. Nf3 d6 3. d4 cxd4 4. Nxd4 Nf6 5. Bd3 Nc6 6. c3 g6 7. h3 Bg7 8. Be3 0-0 9. 0-0 Bd7 10. Nd2 Rc8 11. Rc1 a6 12. a4 Nxd4 13. Bxd4 Bc6 14. b4 Bh6 15. Bxf6 exf6 16. b5 axb5 17. axb5 Bd7 18. c4 Qb6 19. Rc2 Be6 20. Nb3 Bg7 21. Qd2 Rc7 22. Qa5 Qxa5 23. Nxa5 Rfc8 24. b6 Re7 25. Rb1 f5 26. exf5 gxf5 27. Rb5 Bd4 28. Nb3 Bc5 29. Nxc5 dxc5 30. Re2 Rd7 31. Re3 f4 32. Rf3 Rxd3 33. Rxd3 Bxc4 34. Rd7 Bxb5 35. Rxb7 Bc6 36. Ra7 Rb8 37. Ra5 Rxb6 38. Rxc5 f3 39. gxf3 Bxf3 40. Rf5 Rg6+ 41. Kf1 Bg2+ 42. Ke2 Bxh3 43. Ke3 Bxf5 0-1

[Event "Paris Department-ch"]
[Site "Paris"]
[Date "2003.??.??"]
[Round "4"]
[White "Leuly, Max"]
[Black "Giroux, Fabrice"]
[Result "1/2-1/2"]
[WhiteElo "2188"]
[BlackElo "2256"]
[PlyCount "72"]
[EventDate "2003.02.14"]
[EventType "swiss"]
[EventRounds "6"]
[EventCountry "FRA"]
[SourceTitle "EXT 2004"]
[Source "ChessBase"]
[SourceDate "2003.11.25"]
[SourceVersion "1"]
[SourceVersionDate "2003.11.25"]
[SourceQuality "1"]

1. Nf3 Nc6 2. d4 d5 3. Bf4 Bg4 4. e3 e6 5. Nbd2 Bd6 6. Bg3 Nge7 7. Be2 0-0 8. c3 Qd7 9. 0-0 f5 10. Re1 Ng6 11. Bxd6 Qxd6 12. c4 Nce7 13. Rc1 c6 14. Qc2 Kh8 15. h3 Bxf3 16. Nxf3 e5 17. dxe5 Nxe5 18. Red1 Qf6 19. Nxe5 Qxe5 20. Qc3 Qxc3 21. Rxc3 f4 22. Bf3 fxe3 23. fxe3 dxc4 24. Rxc4 Ng6 25. Rb4 Rf7 26. Bh5 Re7 27. Bxg6 hxg6 28. Kf2 Rf8+ 29. Rf4 Rxf4+ 30. exf4 Re4 31. Kf3 Rb4 32. b3 a5 33. Rd3 a4 34. Kg4 Kh7 35. g3 Kh6 36. h4 Kh7 1/2-1/2

[Event "Syre Memorial op 25th"]
[Site "Issy les Moulineaux"]
[Date "2002.05.11"]
[Round "6"]
[White "Bernard, Christophe"]
[Black "Leuly, Max"]
[Result "1/2-1/2"]
[WhiteElo "2372"]
[BlackElo "2167"]
[PlyCount "86"]
[EventDate "2002.05.08"]
[EventType "swiss"]
[EventRounds "7"]
[EventCountry "FRA"]
[SourceTitle "EXT 2004"]
[Source "ChessBase"]
[SourceDate "2003.11.25"]
[SourceVersion "1"]
[SourceVersionDate "2003.11.25"]
[SourceQuality "1"]

1. Nf3 Nf6 2. d4 g6 3. c4 Bg7 4. Nc3 d6 5. e4 0-0 6. Be2 e5 7. 0-0 Nc6 8. d5 Ne7 9. Nd2 a5 10. a3 Nd7 11. Rb1 f5 12. b4 Kh8 13. Qc2 Ng8 14. f3 Ndf6 15. c5 axb4 16. axb4 Nh5 17. Nc4 Nf4 18. Be3 Nf6 19. cxd6 cxd6 20. g3 Nxe2+ 21. Qxe2 fxe4 22. fxe4 Bh3 23. Rf2 Rc8 24. Bd2 Ng4 25. Rxf8+ Qxf8 26. Ne3 Nxe3 27. Qxe3 Qf6 28. Qf2 Qe7 29. Qe2 Rf8 30. Be3 Qf6 31. Rc1 h5 32. Nb1 Kh7 33. Nd2 Rc8 34. Rxc8 Bxc8 35. Kg2 Bh6 36. Bxh6 Kxh6 37. Qe3+ Kg7 38. Qc3 Bg4 39. h3 Be2 40. h4 Qd8 41. Qe3 Bg4 42. Qg5 Qc7 43. b5 b6 1/2-1/2

[Event "Paris Apsap op 54rd"]
[Site "Paris"]
[Date "2002.??.??"]
[Round "6"]
[White "Brochet, Philippe"]
[Black "Leuly, Max"]
[Result "1-0"]
[WhiteElo "2425"]
[BlackElo "2175"]
[PlyCount "52"]
[EventDate "2002.08.15"]
[EventType "swiss"]
[EventRounds "9"]
[EventCountry "FRA"]
[SourceTitle "EXT 2003"]
[Source "ChessBase"]
[SourceDate "2002.11.25"]
[SourceVersion "1"]
[SourceVersionDate "2002.11.25"]
[SourceQuality "1"]

1. Nf3 c5 2. e4 d6 3. Bb5+ Bd7 4. Bxd7+ Qxd7 5. c4 Nc6 6. Nc3 g6 7. d4 cxd4 8. Nxd4 Bg7 9. Be3 Nf6 10. f3 0-0 11. 0-0 Rfd8 12. Rc1 e6 13. Nxc6 bxc6 14. Qe2 d5 15. Rfd1 Qb7 16. Bd4 dxe4 17. fxe4 Ng4 18. e5 Rxd4 19. Rxd4 Qb6 20. Qxg4 Bxe5 21. c5 Qxc5 22. Ne2 Bxd4+ 23. Qxd4 Qa5 24. Qc4 Rd8 25. b4 Qb6+ 26. Qc5 Qa6 1-0